00992nam a2200241 a 450000100100000000500170001000800410002702000150006804000250008308200210010824501600012926000960028930000310038549000220041649000480043850000250048665000450051165000540055670000340061070000360064483000220068083000480070200000605220240229073827.0090826s1999 dr c 000 0 spa d a9993422045 aDO-SdBNPbspacBNPHU a351.97293bR332r00aRégimen de la administración pública en la reforma constitucional :bexpositor Raymundo Amaro Guzmán ; comentarista Cristóbal Gómez Yangüela. aSanto Domingo :bComision presidencial para la reforma y modernización del estado,c1999. a116 p. :bretrs. ;c21 cm.1 aConversatoriosv51 aDebates ConstitucionalesaConversatoriosv5 a10 de junio del 1999 4aAdministraciónzRepública Dominicana 4aReformas constitucionaleszRepública Dominicana1 aAmaro Guzmán, Raymundoeex.1 aGómez Yangüela, Cristóbal 0aConversatoriosv5 0aDebates constitucionalespConversatoriosn5